| 000 | 00654nam a22001937a 4500 | ||
|---|---|---|---|
| 005 | 20241209162452.0 | ||
| 010 | _aENG-142943 | ||
| 020 |
_a9789393737625 _c160.00 |
||
| 035 | _aEN-126475 | ||
| 037 | _bDBAD | ||
| 082 | _a658.404 | ||
| 100 |
_aA.S. Naveenkumar _974855 |
||
| 245 |
_aCustomer Relationship Management/ _cBy A.S. Naveenkumar [and] V.P. Amuthanayaki |
||
| 260 |
_aMadurai _bShanlax Publications _c2022 |
||
| 270 |
_a61, 66 T.P.K. Main Road, Vasantha Nagar _bMadurai _e325003 _mshanlaxpublications@gmail.com |
||
| 300 |
_a105p. _c22cm(pb) |
||
| 700 |
_aAmuthanayaki, V.P. _eAuthor _974856 |
||
| 942 |
_2ddc _cEN _h658.404 _mASN |
||
| 999 |
_c207509 _d207509 |
||